Tamási Áron Rendes feltámadása
Elmentve itt :
| Szerző: | |
|---|---|
| Adatforrás: | Meister |
| Forrásdokumentuma: | Művelődés. - 5-6 sz., 1991, 45-47 p. |
| Nyelv: | magyar |
| Kulcsszavak: | irodalomtörténet TAMÁSI Áron |
| LEADER | 00362nab a2200133 i 4500 | ||
|---|---|---|---|
| 001 | bibPRO00002833 | ||
| 008 | 060524s1991 xx hun | ||
| 040 | |a Sz1 | ||
| 041 | |a hun | ||
| 100 | 1 | |a DÁVID Gyula | |
| 245 | 1 | 0 | |a Tamási Áron Rendes feltámadása |c DÁVID Gyula |
| 695 | |a irodalomtörténet | ||
| 695 | |a TAMÁSI Áron | ||
| 773 | 0 | |t Művelődés. - |g 5-6 sz., 1991, 45-47 p. | |